000
00269nam a22001097a 4500
008
230704b xxu||||| |||| 00| 0 eng d
082
_a
341.02
_b
USD 1978
245
_a
Treaties in Force
260
_b
Department of State,USA
_c
1978
300
_a
VIII,397p
942
_2
ddc
_c
BK
999
_c
3936
_d
3936